| 000 | 00471nam a2200217Ia 4500 | ||
|---|---|---|---|
| 001 | 11955 | ||
| 003 | GE_BSU | ||
| 008 | 181216s||||||||xx |||||||||||||| ||und|| | ||
| 020 | _a9780415399548 | ||
| 040 | _cGE_BSU | ||
| 080 | _a338.48 | ||
| 100 | _aHolden,Andrew | ||
| 245 | _aEnvironment and Tourism | ||
| 260 | _aLondon | ||
| 260 | _bRoutledge | ||
| 260 | _c2008 | ||
| 300 | _a274p.24cm. | ||
| 541 | _h181Gel. | ||
| 653 | _aEnvironment and Tourism | ||
| 942 | _cBK | ||
| 999 |
_c45132 _d45132 |
||